Practical statistics using microsoft excel / (Record no. 205865)
[ view plain ]
| 000 -LEADER | |
|---|---|
| fixed length control field | 00730nam a2200229Ia 4500 |
| 003 - CONTROL NUMBER IDENTIFIER | |
| control field | OSt |
| 005 - DATE AND TIME OF LATEST TRANSACTION | |
| control field | 20241028103604.0 |
| 008 - FIXED-LENGTH DATA ELEMENTS--GENERAL INFORMATION | |
| fixed length control field | 210716s2010 xx 000 0 und d |
| 020 ## - INTERNATIONAL STANDARD BOOK NUMBER | |
| International Standard Book Number | 9788184121186 |
| 040 ## - CATALOGING SOURCE | |
| Transcribing agency | AIMIT LIBRARY |
| 041 ## - LANGUAGE CODE | |
| Language code of text/sound track or separate title | eng |
| 082 ## - DEWEY DECIMAL CLASSIFICATION NUMBER | |
| Classification number | 519.5 |
| Edition number | 1 |
| Item number | BHAD |
| 100 ## - MAIN ENTRY--PERSONAL NAME | |
| Personal name | Bhattacharjee, Dibyojyoti. |
| 9 (RLIN) | 183430 |
| 245 ## - TITLE STATEMENT | |
| Title | Practical statistics using microsoft excel / |
| Statement of responsibility, etc. | By Dibyojyoti Bhattacharjee |
| 250 ## - EDITION STATEMENT | |
| Edition statement | 1st ed |
| 260 ## - PUBLICATION, DISTRIBUTION, ETC. | |
| Place of publication, distribution, etc. | New Delhi : |
| Name of publisher, distributor, etc. | Asian Books private limited , |
| Date of publication, distribution, etc. | 2010. |
| 300 ## - PHYSICAL DESCRIPTION | |
| Extent | xii, 342p. ; |
| Other physical details | PB |
| Dimensions | 24.9 cm |
| 650 ## - SUBJECT ADDED ENTRY--TOPICAL TERM | |
| Topical term or geographic name entry element | Why microsoft excel |
| 9 (RLIN) | 183431 |
| 650 ## - SUBJECT ADDED ENTRY--TOPICAL TERM | |
| Topical term or geographic name entry element | Writing and using foremulae in excel |
| 9 (RLIN) | 183432 |
| 650 ## - SUBJECT ADDED ENTRY--TOPICAL TERM | |
| Topical term or geographic name entry element | Non- parametric tests |
| 9 (RLIN) | 183433 |
| 942 ## - ADDED ENTRY ELEMENTS (KOHA) | |
| Source of classification or shelving scheme | Dewey Decimal Classification |
| Koha item type | Book |
| Edition | 1st |
| Call number prefix | 519.5 BHAD |
| Withdrawn status | Lost status | Source of classification or shelving scheme | Damaged status | Not for loan | Collection code | Home library | Current library | Date acquired | Cost, normal purchase price | Inventory number | Total Checkouts | Full call number | Barcode | Date last seen | Cost, replacement price | Price effective from | Koha item type |
|---|---|---|---|---|---|---|---|---|---|---|---|---|---|---|---|---|---|
| Dewey Decimal Classification | MBA | St Aloysius Institute of Management & Information Technology | St Aloysius Institute of Management & Information Technology | 12/15/2010 | 265.00 | Bill no:ABK.507; Bill dt:2010-09 | 519.5 BHAD | MBA08431 | 05/23/2026 | 198.75 | 07/16/2021 | Book |